| 000 | 01574nam a2200433 a 4500 | ||
|---|---|---|---|
| 999 |
_c8567 _d8567 |
||
| 001 | 8567 | ||
| 003 | BD - JhCC | ||
| 005 | 20180925180054.0 | ||
| 008 | 880808m19761981enk b 001 0 eng d | ||
| 020 | _a0140219285 (v.1) | ||
| 020 | _a0140219714 (v.2) | ||
| 020 | _a0140221166 (v.3) | ||
| 035 | _a(BD - JhCC)8567 | ||
| 040 |
_aMIA MIA m.c EQO _dBD-JhCC |
||
| 041 | 1 |
_aeng _hger |
|
| 082 |
_bMAR 1976 _a335.41 |
||
| 090 |
_aHB501 _b.M36 1976 |
||
| 100 | 1 |
_aMarx, Karl, _d1818-1883. |
|
| 240 | 1 | 0 | _aKapital. |
| 245 | 1 | 0 |
_aCapital : _ba critique of political economy / _cKarl Marx ; introduced by Ernest Mandel ; translated by Ben Fowkes |
| 260 |
_aHarmondsworth : _bPenguin Books ; _aLondon : _bNew Left Review, _c1976-1981 |
||
| 300 |
_a3 v. ; _c20 cm |
||
| 500 | _aTranslation of: Das Kapital | ||
| 500 | _av. 1 translated by Ben Fowkes ; v. 2 and 3 translated by David Fernbach | ||
| 504 | _aBibliography: v. 1, p. [1095]-1119 ; v. 2, p. [603]-608 ; v. 3, p. [1050]-1065 | ||
| 504 | _aIncludes indexes | ||
| 505 | 0 | _av.1 The process of production of capital -- v.2 The process of circulation of capital -- v.3 The process of capitalist production as a whole | |
| 650 | 0 | _aCapital | |
| 650 | 0 | _aMarxian economics | |
| 700 | 1 | _aMandel, Ernest. | |
| 700 | 1 | _aFowkes, Ben. | |
| 700 | 1 | _aFernbach, David. | |
| 740 | 0 | 2 | _aProcess of production of capital |
| 740 | 0 | 2 | _aProcess of production of circulation of capital |
| 740 | 0 | 2 | _aProcess of capitalist production as a whole |
| 830 | 0 | _aPelican Marx library | |
| 942 |
_2ddc _cBK |
||